000 00679nam a2200253Ia 4500
003 OSt
005 20220912151526.0
006 a|||||r|||| 00| 0
007 ta
008 220909b |||||||| |||| 00| 0 eng d
024 _a48624
037 _cTextual
040 _aCSL
_beng
_cCSL
041 _aeng
082 _aH61, M7
100 _aAustin R L Ed.
245 0 _aCondonts: Investigative techniques and applications
260 _aChichestor
_bEllishorwood
_c1987
300 _a422p.
_ccm.
490 _aBritish mircopalaeontological society series
650 _aGeology
942 _hH61, M7
_cTEXL
_2CC
999 _c70591
_d70591